| 000 | 00392nam a2200121Ia 4500 | ||
|---|---|---|---|
| 008 | 241028s9999 xx 000 0 und d | ||
| 041 | _aeng | ||
| 082 | _a001.4 VAD | ||
| 100 | _aVadgama Nikhil | ||
| 245 | _aEnabling The Internet Of Value: How Blockchain Connects Global Businesses How Blockchain Connects Global Businesses | ||
| 260 |
_bSpringer _aSwitzerland _c2022 |
||
| 300 | _a208;. P. 22 cm | ||
| 999 |
_c42947 _d42947 |
||